Apuntes de gestión de las explotaciones agrarias. (Record no. 24938)

MARC details
000 -LEADER
campo de control de longitud fija 00508nam a2200169 i 4500
001 - NÚMERO DE CONTROL
campo de control 24938
003 - IDENTIFICADOR DE NÚMERO DE CONTROL
campo de control ES-MaACL
005 - FECHA Y HORA DE LA ÚLTIMA TRANSACCIÓN
campo de control 20230906153150.0
007 - CAMPO FIJO DE DESCRIPCIÓN FÍSICA--INFORMACIÓN GENERAL
campo de control de longitud fija t|
008 - DATOS DE LONGITUD FIJA--INFORMACIÓN GENERAL
campo de control de longitud fija 021219s1968 sp ||||1| spa d
245 00 - MENCIÓN DEL TÍTULO
Título Apuntes de gestión de las explotaciones agrarias.
260 ## - PUBLICACIÓN, DISTRIBUCIÓN, ETC.
Lugar de publicación, distribución, etc. Madrid :
Nombre del editor, distribuidor, etc. Servicio de Extensión Agraria,
Fecha de publicación, distribución, etc. [1968]
300 ## - DESCRIPCIÓN FÍSICA
Extensión 197 p. ;
Dimensiones 24 cm.
500 ## - NOTA GENERAL
Nota general Ejemplar multicopista.
710 2# - ENTRADA AGREGADA--NOMBRE DE ENTIDAD CORPORATIVA
Nombre de entidad corporativa o nombre de jurisdicción como elemento de entrada España.
Unidad subordinada Servicio de Extensión Agraria.
9 (RLIN) 3975
852 ## - LOCALIZACIÓN
Ubicación ES-MaACL
Número de control de estantería C-46652
Sublocalización o colección R.67373
Holdings
Estatus retirado Estado de pérdida Estado de daño No para préstamo Biblioteca de origen Biblioteca actual Ubicación en estantería Fecha de adquisición Fuente de adquisición Total de préstamos Signatura topográfica completa Código de barras Visto por última vez Precio de reemplazo Tipo de ítem Koha
        Biblioteca del Ateneo de Madrid Biblioteca del Ateneo de Madrid Depósito 2 17/01/2008     C-46652 1025711 23/02/2023 23/02/2023 Libro impreso